Potenciar la sociedad para consolidar la democracia /
El concepto de Seguridad Democrática Regional que señala el documento, se basa en la defensa y promoción de los intereses e identidades del continente y su objetivo principal es asegurar el desarrollo con justicia social en el plano interno, la paz, cooperación e integración a nivel regional y la au...
Na minha lista:
| Autor principal: | |
|---|---|
| Formato: | Texto |
| Assuntos: | |
| Tags: |
Adicionar Tag
Sem tags, seja o primeiro a adicionar uma tag!
|
MARC
| LEADER | 00000 a a2200000 04500 | ||
|---|---|---|---|
| 001 | 13797 | ||
| 003 | |||
| 040 | |||
| 100 | |a Calderón, Fernando | ||
| 245 | |a Potenciar la sociedad para consolidar la democracia / |c Fernando Calderón | ||
| 520 | |a El concepto de Seguridad Democrática Regional que señala el documento, se basa en la defensa y promoción de los intereses e identidades del continente y su objetivo principal es asegurar el desarrollo con justicia social en el plano interno, la paz, cooperación e integración a nivel regional y la autonomía e independencia a nivel internacional. Además, los conceptos de Seguridad y Defensa Nacional son de distinta naturaleza: la seguridad es un fin la defensa se relaciona con las políticas y medidas necesarias para fomentar y resguardar la seguridad la defensa constituye un medio para alcanzar la seguridad. La seguridad tiene expresiones en diferentes áreas: seguridad económica, social, política, militar, cultural, jurídica y ecológica y por ello, las causas de inseguridad son muy diversas, aunque en Sudamérica los mayores problemas de seguridad son de origen socio-económico. El objetivo que persigue la Comisión es contribuir a la identificación de los problemas actuales de seguridad, basada en los intereses endógenos de Sudamérica. Los temas son: las condiciones y problemas actuales de seguridad de América del Sur la progresiva pérdida de vigencia de las concepciones tradicionales de seguridad |a seguridad democrática regional, una concepción integral de seguridad |a y, propuestas para la seguridad democrática regional. EB/JM | ||
| 650 | |a DOCTRINA DE SEGURIDAD NACIONAL | ||
| 650 | |a POLITICA DE DEFENSA | ||
| 650 | |a PAZ | ||
| 650 | |a DEMOCRACIA | ||
| 650 | |a RELACIONES NORTE |z -SUR | ||
| 650 | |a DEFENSA | ||
| 650 | |a SEGURIDAD | ||
| 650 | |a COOPERACION REGIONAL | ||
| 650 | |a GRUPOS SOCIALES | ||
| 773 | |g número 23; páginas 35-44 | ||
| 999 | |c 40114 |d 40114 | ||
| 773 | 0 | |0 42998 |9 4467 |a Universidad Nacional de Costa Rica. |d Heredia, Costa Rica: Universidad Nacional. Escuela de Relaciones Internacionales |o MFN: 0168 |t Relaciones Internacionales/ |x 10180583 | |
